<?xml version="1.0" encoding="UTF-8"?>
<record
    xmlns:xsi="http://www.w3.org/2001/XMLSchema-instance"
    xsi:schemaLocation="http://www.loc.gov/MARC21/slim http://www.loc.gov/standards/marcxml/schema/MARC21slim.xsd"
    xmlns="http://www.loc.gov/MARC21/slim">

  <leader>01698ngm a22001691i 4500</leader>
  <controlfield tag="001">24446</controlfield>
  <datafield tag="090" ind1=" " ind2=" ">
    <subfield code="a">24446</subfield>
  </datafield>
  <datafield tag="100" ind1=" " ind2=" ">
    <subfield code="a">20120424u        u  u0frey50      ba</subfield>
  </datafield>
  <datafield tag="200" ind1="1" ind2=" ">
    <subfield code="a">Um homem &#xE0; parte</subfield>
  </datafield>
  <datafield tag="101" ind1="0" ind2=" ">
    <subfield code="c">eng</subfield>
  </datafield>
  <datafield tag="215" ind1=" " ind2=" ">
    <subfield code="d">1 DVD (aprox. 105 minutos) : color.; 19 cm</subfield>
  </datafield>
  <datafield tag="300" ind1=" " ind2=" ">
    <subfield code="a">N&#xBA;  do registo 1283/2003. - M/ 16 anos. - Legendado em Portugu&#xEA;s</subfield>
  </datafield>
  <datafield tag="330" ind1=" " ind2=" ">
    <subfield code="a">Elenco: Vin Diesel, Timothy Olyphant, Larenz Tate, Jacqueline Obradors, Gino Silva, Steve Eastin, Juan Fernadez, Jeff Kober, Mike Moroff, Emilio Rivera  Sinopse: Quando lhe tiraram a mulher amada... tiraram-lhe a vida. Agora, ele est&#xE1; pronto a recuper&#xE1;-la. Vin Diesel (XXX ? Miss&#xE3;o Radical e Velocidade Furiosa) tem um desempenho explosivo no papel do vol&#xE1;til agente da DEA Sean Vetter, antigo membro de um gang de Los Angeles cujo conhecimento da vida nas ruas o tornou no perfeito agente de narc&#xF3;ticos infiltrado. Juntamente com o seu parceiro Demetrius Hicks (Larenz Tate, Biker Boyz), Vetter consegue prender o maior bar&#xE3;o da droga mexicano. Um outro traficante impiedoso chamado Diablo consegue assumir o controlo do imp&#xE9;rio da coca&#xED;na. Para assinalar a sua chegada, ordena um ataque a Vetter. Apesar de o agente conseguir escapar com vida, a sua bela mulher (Jacqueline Obradors, A Balada de Nova Iorque) &#xE9; morta no fogo cruzado. Jurando vingan&#xE7;a, Vetter faz um acordo para conseguir obter informa&#xE7;&#xF5;es sobre Diablo e disp&#xF5;e-se a fazer justi&#xE7;a pelas pr&#xF3;prias m&#xE3;os, neste emocionante thriller cheio de ac&#xE7;&#xE3;o.</subfield>
  </datafield>
  <datafield tag="700" ind1=" " ind2="1">
    <subfield code="a">Gary</subfield>
    <subfield code="b">F. Gary</subfield>
    <subfield code="4">370</subfield>
  </datafield>
  <datafield tag="210" ind1=" " ind2=" ">
    <subfield code="c">Prisvideo</subfield>
    <subfield code="a">S. Jo&#xE3;o da Madeira</subfield>
    <subfield code="d">2003</subfield>
  </datafield>
  <datafield tag="996" ind1=" " ind2=" ">
    <subfield code="f">0015600</subfield>
    <subfield code="k">GAR</subfield>
    <subfield code="u">M/ 16 anos</subfield>
    <subfield code="m">00000000</subfield>
    <subfield code="n">00000000</subfield>
    <subfield code="a">BMVA</subfield>
    <subfield code="b">1</subfield>
    <subfield code="v">Viana do Alentejo</subfield>
    <subfield code="x">DVDs / CD-Roms</subfield>
    <subfield code="y">106</subfield>
    <subfield code="e">DVD</subfield>
    <subfield code="1">0</subfield>
    <subfield code="3">1</subfield>
  </datafield>
  <datafield tag="990" ind1=" " ind2=" ">
    <subfield code="c">FILMES DVD</subfield>
  </datafield>
  <datafield tag="995" ind1=" " ind2=" ">
    <subfield code="0">0</subfield>
    <subfield code="1">0</subfield>
    <subfield code="9">33293</subfield>
    <subfield code="b">BMVA</subfield>
    <subfield code="d">BMVA</subfield>
    <subfield code="e">DVDs / CD-Roms</subfield>
    <subfield code="f">0000010VI</subfield>
    <subfield code="k">GAR</subfield>
    <subfield code="o">0</subfield>
    <subfield code="r">FILMES DVD</subfield>
    <subfield code="u">M/ 16 anos</subfield>
    <subfield code="a">BMVA</subfield>
    <subfield code="c">BMVA</subfield>
    <subfield code="q">106</subfield>
  </datafield>
</record>
